LDR 00948naa#a2200181#i#450# 001 RU\INFRA-M\bibl\125297 005 20260703084205.5 011 ## _a2500-3305 100 ## _a20260430b2026####ek#y0rusy0150####ca 102 ## _aRU 200 1# _aНаучно-методическое сопровождение профессионально-личностного развития педагогов методической службой дошкольной образовательной организации _eЖурнальная статья 210 1# _aМосква _cОбщество с ограниченной ответственностью «Научно-издательский центр ИНФРА-М» _d2026 215 ## _a9 с. 608 ## _aЖурнальная статья _2local 675 ## _aОрганизация занятий. 373.21 _z 700 #1 _aМатвеева _gМ. В. 700 #1 _aПоложенцева _gЕ. Г. 856 4# _anaukaru.ru _u